Buddhism : (Record no. 64818)

MARC details
000 -LEADER
fixed length control field 00563nam a22001577a 4500
005 - DATE AND TIME OF LATEST TRANSACTION
control field 20120410150159.0
020 ## - INTERNATIONAL STANDARD BOOK NUMBER
International Standard Book Number 812150631X
Terms of availability 00.00
035 ## - SYSTEM CONTROL NUMBER
System control number A-715610
037 ## - SOURCE OF ACQUISITION
Stock number DPL
Source of stock number/acquisition ENG
100 ## - MAIN ENTRY--PERSONAL NAME
Personal name Conze, Edward
245 ## - TITLE STATEMENT
Title Buddhism :
Remainder of title Its essence and development /
Statement of responsibility, etc by Edward Conze
260 ## - PUBLICATION, DISTRIBUTION, ETC. (IMPRINT)
Place of publication, distribution, etc New Delhi
Name of publisher, distributor, etc Munshiram Manoharlal Publishers
Date of publication, distribution, etc 1994
300 ## - PHYSICAL DESCRIPTION
Extent viii, 212p.
Dimensions 18 cms.
942 ## - ADDED ENTRY ELEMENTS (KOHA)
Source of classification or shelving scheme Dewey Decimal Classification
Item type English Books
Classification part 250
Call number suffix CON
Holdings
Withdrawn status Lost status Not for loan Collection code Home library Current library Date acquired Cost, normal purchase price Full call number Barcode Cost, replacement price Koha item type
      Non-fiction Sarojini Nagar Sarojini Nagar 10/04/2012 0.00 250 CON A-715610 0.00 English Books

© Delhi Public Library
Hit Counter
free hit counter